000 00203nam a2200085Ia 4500
008 170617s9999 xx 000 0 und d
100 _aPerun -Thomas
245 0 _aComputer Aided Drug Degign
260 _bMarcel Dekker
260 _c2007
999 _c15713
_d15713